Ľudské zdroje - predpoklad budovania konkurenčnej výhody podniku bakalárska práca

Gespeichert in:
Bibliographische Detailangaben
1. Verfasser: Junasová, Diana
Körperschaft: Fakulta podnikového manažmentu EU. Katedra podnikovohospodárska
Weitere Verfasser: Foltínová, Ľubica, 1975-
Format: Buch
Sprache:Slowakisch
Veröffentlicht: Bratislava 2010
Tags: Tag hinzufügen
Keine Tags, Fügen Sie das erste Tag hinzu!

MARC

LEADER 00000nbm a2200000 4500
001 0133439
005 20170315090423.8
041 0 |a slo 
044 |a SK 
245 1 0 |a Ľudské zdroje - predpoklad budovania konkurenčnej výhody podniku  |b bakalárska práca  |c Diana Junasová ; školiteľ:Ľubica Foltínová 
264 1 |a Bratislava  |c 2010 
300 |a 48 s. 
100 1 |a Junasová, Diana 
700 1 |a Foltínová, Ľubica, 1975- 
710 2 |a Fakulta podnikového manažmentu EU. Katedra podnikovohospodárska